000
00304nam a2200121Ia 4500
008
190216s9999||||xx |||||||||||||| ||und||
100
_a
Ahammed Moulavi N K
245
0
_a
Aikyasangavum Kerala Muslimgalum
260
_b
Yuvatha Book House
_c
2000
300
_a
57
650
_a
Islamic History
942
_c
BK
999
_c
22966
_d
22966